000 01604cam a22004814i 4500
003 PE-LiUPU
005 20250731184523.0
008 150617s r 000 0 d
035 _a(Sirsi) a18798
040 _aPE-LiUPU
_bspa
_cPE-LiUPU
_erda
049 _aPRUA
082 0 4 _a985.1
_bR61
_221
100 1 _aRodríguez Alva, Marciano,
_eautor.
245 1 0 _aDocumental histórico-geográfico de la provincia de Contumazá /
_cMarciano Rodríguez Alva.
264 1 _aTrujillo :
_bTaller Salcedo,
_c1972.
300 _a193 páginas ;
_c27 cm
336 _atext
_2rdacontent
337 _aunmediated
_2rdamedia
338 _avolume
_2rdacarrier
500 _aEdición mimeografiada.
505 0 _aDocumental histórico-geográfico de la provincia de Contumazá.
526 _aP136
526 _aP135
526 _aP134
526 _aP133
526 _aP144
526 _aP143
526 _aP87
526 _aP35
526 _aP20
526 _aP14
526 _aP10
526 _aP06
650 0 4 _aGeografía
_zPerú - Contumazá (Cajamarca).
650 0 4 _aTurismo
_zPerú - Contumazá (Cajamarca).
910 _ajck
_bjvq
_cjck
_d20150616
942 _2ddc
_cBOOK
949 _a985.1 R61
_wDEWEY
_c1
_i12069
_lCCODEBUL1
_mBUL
_p00.00
_r0
_sY
_tBOOK
_u2015-04-22
_xEDUCACION
_zUNKNOWN
_0COMPRA
_o.STAFF. Colección General
994 _aC0
_bPEPRU
596 _a1
999 _a985.1 R61
_wDEWEY
_c18529
_i12069
_f2021-11-8
_g5
_lCCODEBUL1
_mBUL
_r0
_sY
_tBOOK
_u2015-4-22
_xBIBLIOTECA
_zUNKNOWN
_0COMPRA
_o.STAFF. Colección General
_d18529
980 _81
_gALBERTO SANCHEZ Responsable de Automatización